| 000 | 02006nam a2200397 c 4500 | ||
|---|---|---|---|
| 003 | BLK | ||
| 005 | 20180422094636.0 | ||
| 008 | 180413b bul|||||r ||||||| ||bul|| | ||
| 010 | _aKNG00016895000 | ||
| 020 |
_a954-474-084-8 _bиздат.: Кибеа |
||
| 040 | _aBLK | ||
| 041 |
_aBUL _cBUL |
||
| 080 |
_aДиетотерапия. Усилено и органично хранене, диети, богати на тлъстини, на минерали и др. _b615.874 _x _z615.874 |
||
| 080 |
_aХигиена на храненето. Режим на храненето. Вж и 612.39 ; 614.3 ; 615.874 ; 641 _b613.2 _x _z613.2 |
||
| 100 | 1 |
_aДейвис, Стивън _eпърви автор _9259934 |
|
| 700 | 1 |
_aСтюарт, Алан _eсъавт. _9259935 |
|
| 700 | 1 |
_aБалабански, Лукан Тотов _eпредг. от _9364906 |
|
| 700 | 1 |
_aИванов, Пламен _eпрев. от англ. _9247213 |
|
| 139 |
_aДейвис, Стивън и др. _bД 34 |
||
| 245 | 1 | 0 |
_aЛечение чрез хранене _bРъководство по диетотерапия _cСтивън Дейвис; съавт. Алан Стюарт; предг. от Лукан Тотов Балабански; прев. от англ. Пламен Иванов. |
| 257 | _aGBR | ||
| 260 |
_аСофия _bКибеа _c1997 |
||
| 300 |
_a701 с. _c19 см |
||
| 380 | _a61 | ||
| 490 | 1 | _aСерия Здраве | |
| 500 | _aОриг. загл. Nutritional medicine / Stephen avies, Alan Stewart. - Други прев.: Т. Мустаков, П. Соларова, Ал. Шинков, Е. Михайлова, Ст. Михайлов, П. Маринов. - Офс. изд. - 2 000 тир. | ||
| 650 | 4 |
_aЛечебно хранене _9244312 |
|
| 650 | 4 |
_aХранене - хигиена _9244313 |
|
| 653 | _aлечение | ||
| 653 | _aхранене | ||
| 852 | _aЦб 191770 | ||
| 856 | 4 |
_qpdf _u |
|
| 856 | 4 |
_qpdf _u |
|
| 942 |
_cKNG _n0 |
||
| 944 |
_aCR _c15.01.2003 _kНаталия_Медовщикова |
||
| 944 |
_aED _c28.01.2013 _k |
||
| 999 |
_c15140 _d15140 |
||